Misteri empang (Record no. 146819)

MARC details
000 -LEADER
fixed length control field 00758nam a2200277 i 4500
001 - CONTROL NUMBER
control field C2-0226489
003 - CONTROL NUMBER IDENTIFIER
control field PPAK
005 - DATE AND TIME OF LATEST TRANSACTION
control field 20180728154243.0
008 - FIXED-LENGTH DATA ELEMENTS--GENERAL INFORMATION
fixed length control field 000624s2000 my a|||| ||||| | may d
020 ## - INTERNATIONAL STANDARD BOOK NUMBER
International Standard Book Number 9676110329
040 ## - CATALOGING SOURCE
Original cataloging agency PPAK
Language of cataloging eng
Transcribing agency PPAK
Description conventions rda
082 04 - DEWEY DECIMAL CLASSIFICATION NUMBER
Classification number 899.233
Edition number 23
090 00 - LOCALLY ASSIGNED LC-TYPE CALL NUMBER (OCLC); LOCAL CALL NUMBER (RLIN)
Classification number (OCLC) (R) ; Classification number, CALL (RLIN) (NR) 899.233
Feature heading BAH
Feature heading G
Classification number (OCLC) (R) ; Classification number, CALL (RLIN) (NR) 899.233
Feature heading BAH
Feature heading K
100 0# - MAIN ENTRY--PERSONAL NAME
Personal name Baharuddin A. Manan,
Relator term author
245 10 - TITLE STATEMENT
Title Misteri empang
264 #1 - PRODUCTION, PUBLICATION, DISTRIBUTION, MANUFACTURE, AND COPYRIGHT NOTICE
Place of production, publication, distribution, manufacture Kuala Lumpur :
Name of producer, publisher, distributor, manufacturer Utusan ,
Date of production, publication, distribution, manufacture, or copyright notice 2000
300 ## - PHYSICAL DESCRIPTION
Extent 108 pages :
Other physical details illustrations ;
Dimensions 22 cm
336 ## - CONTENT TYPE
Source rdacontent
Content type term text
337 ## - MEDIA TYPE
Source rdamedia
Media type term unmediated
338 ## - CARRIER TYPE
Source rdacarrier
Carrier type term volume
490 1# - SERIES STATEMENT
Series statement Siri misteri remaja Utusan
650 10 - SUBJECT ADDED ENTRY--TOPICAL TERM
Topical term or geographic name entry element Malay fiction
830 #0 - SERIES ADDED ENTRY--UNIFORM TITLE
Uniform title Siri misteri remaja Utusan
942 ## - ADDED ENTRY ELEMENTS (KOHA)
-- dc
Koha item type Book
Holdings
Withdrawn Not for loan Current library Shelving location Date acquired Total Checkouts Full call number Barcode Date last seen Koha item type Date last checked out
    Perpustakaan Baling Pinjaman Dewasa 20/11/2000   899.233 BAH A00947650 31/05/2018 Book  
    Perpustakaan Baling Pinjaman Dewasa 20/11/2000   899.233 BAH A00947651 31/05/2018 Book  
    Perpustakaan Baling Pinjaman Dewasa 07/04/2003   899.233 BAH A01024429 31/05/2018 Book  
    Perpustakaan Baling Pinjaman Dewasa 07/04/2003 1 899.233 BAH A01024430 20/07/2019 Book 29/06/2019
    Perpustakaan Bandar Baharu Pinjaman Dewasa 19/11/2000   899.233 BAH A00950507 31/05/2018 Book  
    Bergerak 3, Baling Pinjaman Kanak-kanak 01/03/2001   K 899.233 BAH A00962006 31/05/2018 Book  
    Bergerak 4, Sungai Petani Pinjaman Kanak-kanak 01/03/2001   K 899.233 BAH A00962007 31/05/2018 Book  
    PD19, KEDA Bendang Perang, Kota Setar Pinjaman Dewasa 09/12/2000   899.233 BAH A00949789 31/05/2018 Book  
    PD19, KEDA Bendang Perang, Kota Setar Pinjaman Dewasa 09/12/2000   899.233 BAH A00949790 31/05/2018 Book  
    PD29, Kg. Gajah Putih, Sik Pinjaman Dewasa 15/10/2000   899.233 BAH A00943691 31/05/2018 Book  
    PD29, Kg. Gajah Putih, Sik Pinjaman Dewasa 15/10/2000   899.233 BAH A00943692 31/05/2018 Book